Đôn Kihôtê Nhà quý tộc tài ba xứ Mantra T. 2

保存先:
書誌詳細
第一著者: Xaavêđra, mighel Đê Xervantêx
その他の著者: Trương Đắc vỵ (Dịch)
フォーマット: 図書
言語:Vietnamese
出版事項: H. Văn Học 1983
シリーズ:Văn học cổ điển nước ngoài. Văn học Tây Ban Nha
主題:
タグ: タグ追加
タグなし, このレコードへの初めてのタグを付けませんか!
Thư viện lưu trữ: Mạng thư viện Đại học Đà Nẵng
LEADER 01371nam a2200385 4500
001 000004478
003 617
005 20120411100425.0
008 110720s1983 viesd
020 |c 15000 
041 0 |a vie 
082 |a 863  |b XA-M 
100 0 |a Xaavêđra, mighel Đê Xervantêx 
245 1 0 |a Đôn Kihôtê  |b Nhà quý tộc tài ba xứ Mantra  |c Xaavêđra, mighel Đê Xervantêx ; Trương Đắc Vủ dịch và giới thiệu  |n T. 2 
260 |a H.  |b Văn Học  |c 1983 
300 |a 406 tr  |c 19 cm 
490 |a Văn học cổ điển nước ngoài. Văn học Tây Ban Nha 
500 |a Dịch từ nguyên bản tiếng Tây Ban Nha 
504 |a T. 2 
653 |a Văn học cổ điển 
653 |a tiểu thuyết 
653 |a Tây Ban Nha 
700 |a Trương Đắc vỵ  |e Dịch 
773 |t Đôn Kihôtê  |w 614 
910 |a Nguyễn Thị Kim Oanh  |d 20/ 07/ 2011 
OWN |a LSP 
AVA |a UDN50  |b LSP  |d 863 XA-M  |e available  |t Error 5001 Not defined in file expand_doc_bib_avail.  |f 5  |g 3  |h N  |i 0  |k 1 
999 |a From the UDN01 
AVA |a UDN50  |b LSP  |d 863 XA-M  |e available  |t Error 5001 Not defined in file expand_doc_bib_avail.  |f 5  |g 3  |h N  |i 0  |k 1 
TYP |a Monograph 
TYP |a Printed language 
980 |a Mạng thư viện Đại học Đà Nẵng